| 000 | 00429 a2200157 4500 | ||
|---|---|---|---|
| 005 | 20250612061107.0 | ||
| 020 | _a13:978-0-07-305192-5/10:0-07-305192-6 | ||
| 082 | _a515(dc 22)HOF | ||
| 100 | _aHoffmann D. Laurence | ||
| 245 | _aApplied Calculus | ||
| 250 | _a9th Ed | ||
| 260 |
_aNew york _bMcGraw-Hill/Irwin _c2007 |
||
| 300 |
_axxxii,1011p ill, table, figure _bindex _c27cm |
||
| 700 | _aBradley L. Gerald | ||
| 942 |
_2ddc _cBKS |
||
| 999 |
_c3804 _d3804 |
||